000 00611cam a2200193 4500
001 ABS61949
008 000000n2000 000 0 eng u
035 _a(Sirsi) u104465
245 _aFalling foul of fair rents
260 _c2000
490 _aEstates Gazette
_v0007(19) 19 February 2000 130(1)
520 _aDescribes the successful challenge in the Court of Appeal to the Rent Acts (Maximum Fair Rent) Order 1999.
590 _aABS
650 _aRENT ACTS (MAXIMUM FAIR RENT) ORDER 1999
650 _aRENT CONTROL
650 _aFAIR RENTS
690 _aHOUSING-PRIVATE RENTED SECTOR
942 _n0
999 _c62670
_d62670